000 00389nam a22001697a 4500
003 CEME
005 20210628204011.0
008 210106b xxu||||| |||| 00| 0 eng d
020 _a0006478654
040 _c.
082 _a823 ARC
100 _aArcher, Jeffrey
_968202
245 _aA twist in the tale
260 _aGREAT BRITAIN
_bHARPER
_c1997
300 _a267P
942 _cBK
_2ddc
999 _c575824
_d575824